000 00625nam a2200181 4500
001 148647
003 ES-MaACL
005 20240314063030.0
007 t|
008 070214s1961 fr r ||||1| fre d
100 1 _aSuárez Gómez, Gonzalo
_9108625
245 1 0 _aBibliographie avec quels livres les espagnols apprenaient de le français
_b: (1520-1850) /
_cGonzalo Suárez Gómez.
260 _aParis :
_bLibraire Marcel Didier,
_c1961.
300 _a24 h. ;
_c23 cm.
500 _aes tirada aparte de Revue de Littérature Comparée, 1961.
852 _aES-MaACL
_jA-5907
_bR.94922
999 _c148647
_d148647